| 000 | 00818nam a2200253 i 4500 | ||
|---|---|---|---|
| 001 | 000026254 | ||
| 003 | DO-SdBNP | ||
| 005 | 20260522090746.0 | ||
| 007 | ta | ||
| 008 | 110307s1988 dr 000 0 spa d | ||
| 040 |
_aDO-SdBNP _bspa _cBNPHU _erda |
||
| 041 | _aspa | ||
| 082 | 4 |
_axxx _bC793i _222 |
|
| 100 | 1 |
_aCorcino, Damián A., _q (Damián Antonio), | _d1943- _eautor _4aut. _953283 |
|
| 245 | 1 | 0 |
_aIdentidad nacional / _cDamián A. Corcino. |
| 264 | 1 |
_aSanto Domingo, República Dominicana : _bEditora Alfa y Omega, _c1988. |
|
| 300 |
_a157 páginas ; _c21 cm. |
||
| 336 |
_atexto _btxt _2rdacontent |
||
| 337 |
_asin mediación _bn _2rdamedia |
||
| 338 |
_avolumen _bn _2rdacarrier |
||
| 500 | _aIncluye datos biográficos del autor en la contracubierta | ||
| 590 | _aInventariado, 2026/BT | ||
| 942 |
_2ddc _cLBS1 |
||
| 999 |
_c25746 _d25746 |
||